00696 a2200193 4500999001500000010001400015020002300029035001300052037001500065082001100080100001700091245010100108260004500209270006200254300002500316500001900341942003000360952011200390 c5517d5517 aENG-86890 c545.00a0195686497 aEN-70423 bDBAD / PUB14a342.54 aSen, Sarbani1 aThe constitution of India :cby Sarbani Senbpopular sovereignty and democratic transformation / aNew DelhibOxford University Pressc2007 aYMCA Library Building, Jai Singh RoadbNew Delhie110 045 avii, 214pc21cm (Hb) aIncludes index adplcEN2ddch342.54mSEN 001040718NFICaDBADbDBADeDBAD/PUBg545.00l0o342.54 SENpEN-70423r2008-09-15 00:00:00t1v545.00yEN